| 000 | 00917nam a2200265Ia 4500 | ||
|---|---|---|---|
| 003 | OSt | ||
| 005 | 20220923212622.0 | ||
| 006 | a|||||r|||| 00| 0 | ||
| 007 | ta | ||
| 008 | 220922b |||||||| |||| 00| 0 hin d | ||
| 024 | _a154,615 | ||
| 037 | _cTextual | ||
| 040 |
_aARTS _cARTS _bhin |
||
| 041 |
_2hin _ahin |
||
| 082 | _aO1520m35:g, K7 | ||
| 100 | _aरेड्डी, सुन्दर | ||
| 245 | 0 |
_aहिन्दी और तेलुगु _b एक तुलनात्मक अध्ययन |
|
| 246 | _aHindī aur telugu: ek tulanātmak adhyayana | ||
| 250 | _aसंस्क 2 | ||
| 260 |
_aदिल्ली _b राजपाल एण्ड संस _c1967 |
||
| 300 |
_a160 पृ. _ccm. |
||
| 650 |
_aहिन्दी साहित्य _9156264 |
||
| 942 |
_hO1520m35:g, K7 _cTEXL _2CC |
||
| 999 |
_c310237 _d310237 |
||